000 01440nam a2200277Ia 4500
999 _c37706
_d37706
001 3680
003 GE_BSU
005 20190627190902.0
008 181216s2008||||ge |||||||||||||| ||geo||
010 _a
020 _a978-9941-0-0802-3 (წ. 7) :
040 _cGE_BSU
041 _ageo
080 _a327(7/8) ტ–87
100 _aტატიშვილი, ზურაბ
_93008
245 _aლათინური ამერიკა :
_bპოპულისტური რეჟიმებიდან ლიბერალური დემოკრატიებისაკენ /
_cზურაბ ტატიშვილი ; ბთკკ-პოლიტიკის კვლ. ჯგ.
264 _a თბ. :
_bბთკკ,
_c2008.
300 _a85 გვ. ;
_b20 სმ.
300 _eბიბლ. გვ83–85
490 _aბთკკ-საერთაშორისო პოლიტიკის კვლევების სერია ; წ. 7
504 _a ბიბლიოგრ. ტექსტ. შენიშვნ. და გვ. 83-85.
520 _aრეზ. ინგლ.
653 _aპოლიტიკური პროცესები ლათინური ამერიკის ქვეყნებში
653 _aდემოკრატია ლათინური ამერიკის ქვეყნებში
942 _cBK
_2udc